<?xml version="1.0" encoding="UTF-8"?>
<collection xmlns:xsi="http://www.w3.org/2001/XMLSchema-instance" xsi:schemaLocation="http://www.loc.gov/MARC21/slim http://www.loc.gov/standards/marcxml/schema/MARC21slim.xsd" xmlns="http://www.loc.gov/MARC21/slim">
 <record>
  <leader>00000ctm a22000003i 4500</leader>
  <controlfield tag="001">UP-99796217612579456</controlfield>
  <controlfield tag="003">Buklod</controlfield>
  <controlfield tag="005">20230215105418.0</controlfield>
  <controlfield tag="006">m    |o  d |      </controlfield>
  <controlfield tag="007">ta</controlfield>
  <controlfield tag="008">170823s        xx     d     r    |||| u|</controlfield>
  <datafield tag="035" ind1=" " ind2=" ">
   <subfield code="a">(iLib)UPD-00343312285</subfield>
  </datafield>
  <datafield tag="040" ind1=" " ind2=" ">
   <subfield code="a">DENGII</subfield>
   <subfield code="e">rda</subfield>
  </datafield>
  <datafield tag="041" ind1=" " ind2=" ">
   <subfield code="a">eng</subfield>
  </datafield>
  <datafield tag="090" ind1=" " ind2=" ">
   <subfield code="a">LG 993.5 2016 E63</subfield>
   <subfield code="b">D445</subfield>
  </datafield>
  <datafield tag="100" ind1="1" ind2=" ">
   <subfield code="a">De Lara, Dominique Pocholo P.</subfield>
   <subfield code="e">author.</subfield>
  </datafield>
  <datafield tag="245" ind1="1" ind2="0">
   <subfield code="a">Study on the boundary layer wind tunnel testing procedure for low-rise scale model buildings</subfield>
   <subfield code="c">Dominique Pocholo P. de Lara ; Liezl Raissa E. Tan, adviser ; Jaime Y. Hernandez Jr., co-adviser.</subfield>
  </datafield>
  <datafield tag="264" ind1=" " ind2="0">
   <subfield code="a">Quezon City</subfield>
   <subfield code="b">College of Engineering, University of the Philippines Diliman</subfield>
   <subfield code="c">2016.</subfield>
  </datafield>
  <datafield tag="300" ind1=" " ind2=" ">
   <subfield code="a">xi, 113 leaves</subfield>
   <subfield code="b">color illustrations</subfield>
   <subfield code="c">28 cm</subfield>
  </datafield>
  <datafield tag="336" ind1=" " ind2=" ">
   <subfield code="a">text</subfield>
   <subfield code="2">rdacontent</subfield>
  </datafield>
  <datafield tag="337" ind1=" " ind2=" ">
   <subfield code="a">unmediated</subfield>
   <subfield code="2">rdamedia</subfield>
  </datafield>
  <datafield tag="338" ind1=" " ind2=" ">
   <subfield code="a">volume</subfield>
   <subfield code="2">rdacarrier</subfield>
  </datafield>
  <datafield tag="502" ind1=" " ind2=" ">
   <subfield code="a">Thesis (B.S. Civil Engineering)--University of the Philippines Diliman</subfield>
   <subfield code="d">June 2016.</subfield>
  </datafield>
  <datafield tag="520" ind1="3" ind2=" ">
   <subfield code="a">In preparation for the acquisition of a Boundary Layer Wind Tunnel in UP Diliman, there is a need to prepare a guideline or procedure for wind tunnel testing. The purpose of this study is to prepare and demonstrate procedure for wind tunnel testing of low-rise scale model buildings. Since the wind tunnel is yet to be procured, the study will focus on the determination of the model length scale, determination of appropriate sampling parameters, identification of guidelines for modeling of the atmospheric boundary layer, development of a calibration set-up and procedure in applying appropriate correction due to tubing system, and post-processing procedures of pressure coefficients. For the scaling, the wind velocity profile and wind turbulence parameters will be utilized. The measured pressures will be corrected by applying the transfer function obtained from the calibration apparatus. For the pressure coefficients, aerodynamic theories and statistical techniques will be applied. At the end of this study, a guideline in model scaling, pressure correction and post-processing is expected as output.</subfield>
  </datafield>
  <datafield tag="650" ind1=" " ind2="0">
   <subfield code="a">Wind tunnel testing.</subfield>
  </datafield>
  <datafield tag="700" ind1="1" ind2=" ">
   <subfield code="a">Tan, Liezl Raissa E.</subfield>
   <subfield code="e">adviser.</subfield>
  </datafield>
  <datafield tag="700" ind1="1" ind2=" ">
   <subfield code="a">Hernandez, Jaime Y.</subfield>
   <subfield code="c">Jr.</subfield>
   <subfield code="e">co-adviser.</subfield>
  </datafield>
  <datafield tag="842" ind1=" " ind2=" ">
   <subfield code="a">Thesis</subfield>
  </datafield>
  <datafield tag="905" ind1=" " ind2=" ">
   <subfield code="a">FI</subfield>
  </datafield>
  <datafield tag="905" ind1=" " ind2=" ">
   <subfield code="a">UP</subfield>
  </datafield>
  <datafield tag="852" ind1="0" ind2=" ">
   <subfield code="a">UPD</subfield>
   <subfield code="b">DENG-II</subfield>
   <subfield code="h">LG 993.5 2016 E63</subfield>
   <subfield code="i">D445</subfield>
  </datafield>
  <datafield tag="942" ind1=" " ind2=" ">
   <subfield code="a">Thesis</subfield>
  </datafield>
 </record>
</collection>
